000 00699nam a2200205Ii 4500
003 JO-AjNU
008 230605s9999||||xx |||||||||||||| ||und||
040 _aJO-AjNU
_bara
_erda
_cJO-AjNU
041 _aara
050 1 4 _aBP161.2.A3 1900
100 3 _aالعفيفي، طه عبد الله,
_eauthor
_937320
245 0 0 _aحق الله على العباد وحق العباد على الله
264 3 1 _aد.م: دار الاعتصام، د.ت
300 _a136ص
336 _atext
_btxt
_2rdacontent
337 _aunmediated
_bn
_2rdamedia
338 _avolume
_bnc
_2rdacarrier
490 0 _aسلسلة الحقوق
650 4 _aالعبادات- اصول الفقه الاسلامي
_937321
999 _aA15583
_c19151
_d19151